សិក្សាអំពីឥទ្ធិពលនៃការខូតខាតស្លឹកទៅលើទិន្នផលស្រូវ (Record no. 233)
[ view plain ]
| 000 -LEADER | |
|---|---|
| fixed length control field | 00526nam a22001577a 4500 |
| 003 - CONTROL NUMBER IDENTIFIER | |
| control field | OSt |
| 005 - DATE AND TIME OF LATEST TRANSACTION | |
| control field | 20150910150203.0 |
| 008 - FIXED-LENGTH DATA ELEMENTS--GENERAL INFORMATION | |
| fixed length control field | 150910b xxu||||| |||| 00| 0 eng d |
| 040 ## - CATALOGING SOURCE | |
| Transcribing agency | RUA |
| 082 ## - DEWEY DECIMAL CLASSIFICATION NUMBER | |
| Classification number | AGR ជា 1995 B013 Or.1 |
| 100 ## - MAIN ENTRY--PERSONAL NAME | |
| 9 (RLIN) | 253 |
| Personal name | ជា សាំងដូណា |
| 245 ## - TITLE STATEMENT | |
| Title | សិក្សាអំពីឥទ្ធិពលនៃការខូតខាតស្លឹកទៅលើទិន្នផលស្រូវ |
| 260 ## - PUBLICATION, DISTRIBUTION, ETC. (IMPRINT) | |
| Place of publication, distribution, etc. | Phnom Penh |
| Name of publisher, distributor, etc. | RUA |
| Date of publication, distribution, etc. | 1995 |
| 300 ## - PHYSICAL DESCRIPTION | |
| Extent | 80p. |
| Other physical details | ill. |
| Dimensions | 29cm. |
| 942 ## - ADDED ENTRY ELEMENTS (KOHA) | |
| Source of classification or shelving scheme | |
| Koha item type | AGR |
| Price effective from | Date last seen | Permanent Location | Not for loan | Date acquired | Source of classification or shelving scheme | Koha item type | Lost status | Withdrawn status | Date last checked out | Total Checkouts | Shelving location | Damaged status | Barcode | Current Location | Full call number |
|---|---|---|---|---|---|---|---|---|---|---|---|---|---|---|---|
| 2015-09-10 | 2015-09-10 | Library Block B | 2015-09-10 | AGR | B013 | RUA003562 | Library Block B | AGR ជា 1995 B013 Or.1 | |||||||
| 2015-09-10 | 2015-09-10 | Library Block B | 2015-09-10 | AGR | B013 | RUA003703 | Library Block B | AGR ជា 1995 B013 Or.2 | |||||||
| 2015-09-10 | 2015-09-10 | Library Block B | 2015-09-10 | AGR | B013 | RUA003631 | Library Block B | AGR ជា 1995 B013 Or.3 | |||||||
| 2015-09-10 | 2015-09-10 | Library Block B | 2015-09-10 | AGR | B013 | RUA003986 | Library Block B | AGR ជា 1995 B013 Or.4 | |||||||
| 2015-09-10 | 2015-09-10 | Library Block B | 2015-09-10 | AGR | B013 | RUA003914 | Library Block B | AGR ជា 1995 B013 Or.5 | |||||||
| 2015-09-10 | 2015-09-10 | Library Block B | 2015-09-10 | AGR | B013 | RUA003913 | Library Block B | AGR ជា 1995 B013 Or.6 | |||||||
| 2015-09-10 | 2015-09-10 | Library Block B | 2015-09-10 | AGR | B013 | RUA006507 | Library Block B | AGR ជា 1995 B013 Or.7 | |||||||
| 2015-09-10 | 2017-11-13 | Library Block B | 2015-09-10 | AGR | 2017-10-27 | 1 | B013 | RUA003842 | Library Block B | AGR ជា 1995 B013 Or.8 |